All Stranger things Characters (Hard?) - Statistics

General Stats
  • This quiz has been taken 279 times
  • The average score is 56 of 132
Answer Stats
Hints of Major/ Recurring/ Minor characters and Cs & Es Characters % Correct
The Girl who have powers Eleven
98%
The Guy who lives in The Upside Down Henry Creel/Vecna
98%
The Brother of the missing child Jonathan Byers
98%
The Mother of the missing child Joyce Byers
98%
The Lesbian Ice cream scooper Robin Buckley
98%
The Child that goes missing or Zombie Boy Will Byers
98%
The Nail bat peep and The Ice cream scooper Steve Harrington
97%
The Leader of the Hellfire club Eddie Munson
96%
The Hawkins Lab Doc Dr. Martin Brenner
95%
The Person who have few tooth Dustin Henderson
95%
The Police chief who lives in Russia in SS4 Jim Hopper
94%
The Hero that died in SS2 Bob Newby
93%
The Guy who knows that Hawkins lab doc still alive Ray Carroll
93%
The Pizza man Argyle
92%
The Ice cream girl Erica Sinclair
92%
The California Step-bro Billy Hargrove
91%
Another Girl who was in the gang in Pennsylvania Mick
91%
The Crazy Russian Translator Murray Bauman
91%
The Worker at Hawkins post and the sister of the upper question Nancy Wheeler
90%
"_________ wake up! I don't like this! _________ wake up! Hey, Hello?" Chrissy Cunningham
89%
The Californian girl Max Mayfield
89%
The Power girl's Bully Angela
86%
Another Hawkins lab Doc Sam Owens
86%
The Tiger team Protagonist Lucas Sinclair
85%
The Random Russian Scientist who died from bloodloss Dr. Alexei
81%
The Main Protagonist Mike Wheeler
79%
The Younger sister of the Wheeler Siblings Holly Wheeler
78%
The Girl who have powers that make people have hallucination Kali Prasad
78%
The Leader of the Tiger team and SS4 Villain's first victim's Girlfriend Jason Carver
77%
The Mother of The Main Protagonist Karen Wheeler
77%
The Intelligence from Utah Suzie Bingham
77%
The Father of The Main Protagonist Ted Wheeler
77%
The Father of SS4 Villain Victor Creel
77%
The Father of the missing child Lonnie Byers
75%
Who knows that The Police Chief is still alive Dmitri Antonov
73%
The Creature that is faceless and can open their face The Demogorgon
71%
The Father of The Life guard who got flayed and fired 2 people from the Hawkins post Tom Holloway
70%
The Legendary Teacher who no longer on any season Mr. Clarke
69%
The Teenage girl who got killed by The Creature Barbara Holland
67%
The Girl who got Flayed who is the life guard Heather Holloway
67%
The Newspaper dude who survived the car crash Fred Benson
64%
The Mother of the girl who have powers Terry Ives
62%
The Main Villain The Mind Flayer
59%
The Child who try to hurt 2 protagonists and a girl broke his arm Troy Walsh
58%
The old lady who appears in SS3 Doris Driscoll
55%
The SS4 villain's third victim Patrick McKinney
55%
The Mother of the person who have few tooth Claudia Henderson
54%
The Demodog (Has a name) D'Artagnan
54%
The Russian guy who helped 3 people in SS4 (Also his name is like the one in DDLC) Yuri Ismaylov
54%
The Daughter of The Police chief that died (Not Police chief) Sara Hopper
51%
The Dude who got killed by the special agent Benny Hammond
50%
The Police chief in SS4 Calvin Powell
50%
The Lady who is the Special agent of The Hawkins lab Connie Frazier
47%
The sister of the mother of the girl who have powers Becky Ives
46%
The Girlfriend of the person who have the problem with the nail bat guy Carol Perkins
46%
The Iron arm from Russia who killed two Russian Scientists Grigori
45%
Cat that we saw it died in SS2 Mews
44%
The Daughter of The Creel Alice Creel
43%
The Oldest test subject in Hawkins lab Two
43%
The Mayor of Hawkins Mayor Larry Kline
40%
The Person who called someone's last name "Drew" Bruce Lowe
39%
The Father of the Step-bro Neil Hargrove
38%
The Test Subject that we seen in SS4 Ten
38%
The Test Subject Five
37%
The Test Subject Four
37%
The Test Subject Six
37%
The Mother of the Step-bro Susan Hargrove
37%
The Test Subject Three
37%
The Wife of The Creel Virginia Creel
37%
The Lady who works as the secretary at the Police station Florence
35%
The girl who reject the person who have few tooth Stacey Albright
34%
The Uncle of the leader of the Hellfire club Wayne Munson
34%
Hawkins head of security (THAT'S THE ANSWER) Hawkins Head of Security
32%
The Girl who is the sibling of the intelligence Eden Bingham
31%
The Protagonist's Bully James Dante
31%
Lead Scientist (JUST TYPE IT) Lead Scientist
30%
The peep who afraid of spiders Axel
26%
The Guy Who have the problem with The Nail bat guy Tommy Hagan
25%
The Girl that sounds like Kermit Vickie
24%
The Mother of The Life guard who got flayed Janet Holloway
23%
The Crazy boy who is the sibling of the intelligence Cornelius Bingham
22%
The Girl who was in the gang in Pennsylvania Dottie
22%
"You prepubescent wastoid." Keith
22%
The Police that got attacked by the brother of the missing child Phil Callahan
22%
The girl that invites students at Hawkins high to go on the party Tina
22%
The person who literally have relationship with The Father of the missing child Cynthia
21%
The US Army Officer Jack Sullivan
21%
The Dude who was in the gang in Pennsylvania Funshine
19%
Things that in the Tunnel in SS2 Vines
19%
Dog that died in season 2 Chester
18%
Gary (Yeah...) Gary
18%
The Ex-wife of the Police chief Diane
17%
The member of The Tiger Andy
16%
The Mother of the Ice cream girl/The member of the tiger Mrs. Sinclair
16%
The Girlfriend of the girl who have powers' bully Jake
15%
The Father of the Ice cream girl/The member of the tiger Mr. Sinclair
15%
The Guidance Counselor at Hawkins High Ms. Kelley
14%
The Mother of The Teenage girl who got killed by The Creature Marsha Holland
12%
The Turtle that lives in Henderson's House Yurtle
12%
The Agent who died in the car in SS4 Agent Harmon
11%
Lead Agent (idk about their information of few minor characters so yeah here's all the answer) Lead Agent
11%
The Father of The Teenage girl who got killed by The Creature Mr. Holland
11%
The member of The Tiger Chance
10%
The Father of the intelligence Mr. Bingham
10%
The Creature that is faceless and can open their face Russian Version Russian Demogorgon
10%
The Father of The SS4 Villain's first victim Phillip Cunningham
9%
The Mother of The SS4 Villain's first victim Laura Cunningham
8%
The Librarian at Hawkins Public Library Marissa
8%
The Creature in final form that kill Step-bro The Spider Monster
8%
The owner of the store that the missing child works Donald Melvald
7%
Russian Agent Russian Agent
7%
The Bodyguard of US Government Agent Wallace
6%
The Gentleman who saw the girl with powers for a second Earl
6%
The Farmer Eugene McCorkle
5%
The Creature that create in SS3 and then died few minutes later Hospital Monster
5%
Best friend with Perkins Nicole
5%
The Indiana Police trooper (Aka the person that police chief hurting) David O'Bannon
4%
The Warden at the Mental hospital Anthony Hatch
3%
The Agent who appears in episode 28 Ellen Stinson
3%
The Colonel that talks to the ice cream scooper Ozerov
3%
The Principal of Hawkins Middle Russell Coleman
3%
The Scientist guy who got killed by The creature Shepard
3%
The Repairman Agent Repairman
1%
Black Spider Black widows
1%
The Newswoman Brenda Wood
1%
The Doc who greeted the Hawkins lab doc Dr. Ellis
1%
The Tunnel in SS2 Hawkins Tunnel System
1%
Another Farmer Merrill Wright
1%
Russian Mayor General Stepanov
1%
The First person to died and the first character to show in Stranger things Elevator Scientist
0%
One word: KAREN Mrs. Walsh
0%
The Technician at Hawkins lab who died Nerdy Tech
0%
No matching quizzes found
Score Distribution
Percent of People with Each Score
Percentile by Number Answered
Your Score History
You have not taken this quiz